000 00283nam a22001337a 4500
008 170524b xxu||||| |||| 00| 0 eng d
020 _a010039963
041 _aeng
080 _a62
100 _a26
101 _aIM
245 _aBASIC ELECTRICITY
_cGUSSSOW.M
942 _2udc
_cBK
999 _c13970
_d13970